000 00531nam a2200193Ia 4500
003 OSt
005 20220704073820.0
008 151021s9999 xx 000 0 und d
020 _a851515126
040 _cMMU
_aMMU
_beng
_dMMU
050 _aBV 4740.H57 1987
100 _aHelm,Paul
245 _aThe Callings the gospel in the world/
_c Paul Helm.
260 _aNew Jersey :
_bBanner of Trust,
_c1987.
300 _aix,149 p. :
500 _aIncludes index
650 _aThe Gospel in the World .
942 _2lcc
_cLOAN LOAN
999 _c15047
_d15047